LEADER 02992nam 2200745 a 450 001 9910457781903321 005 20200520144314.0 010 $a0-8143-3645-0 035 $a(CKB)2550000000048114 035 $a(OCoLC)755621698 035 $a(CaPaEBR)ebrary10499919 035 $a(SSID)ssj0000564387 035 $a(PQKBManifestationID)11398553 035 $a(PQKBTitleCode)TC0000564387 035 $a(PQKBWorkID)10596632 035 $a(PQKB)10950321 035 $a(MiAaPQ)EBC3416413 035 $a(MdBmJHUP)muse11030 035 $a(Au-PeEL)EBL3416413 035 $a(CaPaEBR)ebr10499919 035 $a(EXLCZ)992550000000048114 100 $a20100810d2011 uy 0 101 0 $aeng 135 $aurcn||||||||| 181 $ctxt 182 $cc 183 $acr 200 10$aKeepin' it hushed$b[electronic resource] $ethe barbershop and African American hush harbor rhetoric /$fVorris L. Nunley 210 $aDetroit $cWayne State University Press$dc2011 215 $a1 online resource (226 p.) 225 1 $aAfrican American life series 300 $aBibliographic Level Mode of Issuance: Monograph 311 $a0-8143-3348-6 320 $aIncludes bibliographical references and index. 327 $aBeyond difference: mapping and theorizing hush harbor spatiality rhetoric and knowledge -- Hush harbors: spatiality, race, and not-so-public spheres -- Wingin' it: barbershops and the work of nommo in the novel -- Poetic hush harbors: barbershops as black paideias -- Barbers and customers as philosophers in memoir and drama -- Commodifying neoliberal blackness: faux hush harbor rhetoric in barbershop -- Hush harbor pedagogy: pathos-driven hearing and pedagogy -- A question of ethics? Hush harbor rhetoric and rationalities in a neoliberal age. 410 0$aAfrican American life series. 517 3 $aKeeping it hushed 606 $aAfrican Americans$xLanguages 606 $aAmerican literature$xAfrican American authors$xHistory and criticism 606 $aEnglish language$zUnited States$xRhetoric 606 $aPopular culture$zUnited States 606 $aBarbershops$zUnited States 606 $aAfrican Americans in literature 606 $aAfrican Americans$xCommunication 606 $aBlack English$zUnited States 606 $aLiteracy$zUnited States 608 $aElectronic books. 615 0$aAfrican Americans$xLanguages. 615 0$aAmerican literature$xAfrican American authors$xHistory and criticism. 615 0$aEnglish language$xRhetoric. 615 0$aPopular culture 615 0$aBarbershops 615 0$aAfrican Americans in literature. 615 0$aAfrican Americans$xCommunication. 615 0$aBlack English 615 0$aLiteracy 676 $a895.6/09 700 $aNunley$b Vorris$01034606 801 0$bMiAaPQ 801 1$bMiAaPQ 801 2$bMiAaPQ 906 $aBOOK 912 $a9910457781903321 996 $aKeepin' it hushed$92453841 997 $aUNINA LEADER 01719nam 2200553 a 450 001 9910453223803321 005 20200520144314.0 010 $a1-62081-832-9 035 $a(CKB)2550000001043963 035 $a(EBL)3021957 035 $a(SSID)ssj0000875609 035 $a(PQKBManifestationID)12420681 035 $a(PQKBTitleCode)TC0000875609 035 $a(PQKBWorkID)10890722 035 $a(PQKB)10310430 035 $a(MiAaPQ)EBC3021957 035 $a(Au-PeEL)EBL3021957 035 $a(CaPaEBR)ebr10686281 035 $a(OCoLC)846946083 035 $a(EXLCZ)992550000001043963 100 $a20120612d2012 uy 0 101 0 $aeng 135 $aur|n|---||||| 181 $ctxt 182 $cc 183 $acr 200 00$aNew developments in chromatin research$b[electronic resource] /$fNeil M. Simpson and Valerie J. Stewart, editors 210 $aNew York $cNova Science Publishers$d2012 215 $a1 online resource (249 p.) 225 1 $aGenetics--research and issues 225 1 $aCell biology research progress 300 $aNova biomedical. 311 $a1-62081-816-7 320 $aIncludes bibliographical references and index. 410 0$aGenetics--research and issues series. 410 0$aCell biology research progress. 606 $aChromatin$xResearch$xMethodology 608 $aElectronic books. 615 0$aChromatin$xResearch$xMethodology. 676 $a572.8/7 701 $aSimpson$b Neil M$0877535 701 $aStewart$b Valerie J$0877536 801 0$bMiAaPQ 801 1$bMiAaPQ 801 2$bMiAaPQ 906 $aBOOK 912 $a9910453223803321 996 $aNew developments in chromatin research$91959572 997 $aUNINA